000 01027nac a22002777a 4500
001 BR8502343
003 BR-BrBNA
005 20240105120317.0
008 230509b bl.|||m| |||| 00| 0 por d
040 _aBR-BrBNA
_bpor
_cBiblioteca Nacional de Agricultura
072 _aL72
090 _a5212 BR8502343
100 1 _aBublitz, E.O.
110 1 _aUniversidade Federal do Rio Grande do Sul, Porto Alegre (Brasil). Faculdade de Ciencias Economicas
_911167
245 1 _aAnalise economica de estrategias alternativas de banhos carrapaticidas atraves de um modelo de simulacao
260 3 _aPorto Alegre, RS (Brasil):
_c1985.
300 _a92 p.
490 _aTese de Conclusao dos Cursos de Pos-Graduacao em Economia Rural e Sociologia Rural (Brazil)
_vno. 97
_x
500 _aBibliography (96 ref.); Summaries (En, Pt)
502 _aTese (Pos-graduacao)
650 _aBOVINO
650 _aCARRAPATO
650 _aBANHEIRA CARRAPATICIDA
909 _a202312
_bLúcia Elande
_c55
_dLúcia Elande
942 _2AGRIS
_n0
_cMS
999 _c278804
_d278804